00488nam a22001577a 450000500170000001000150001702000260003203500140005803700130007208200170008510000190010224500730012126000440019427000680023830000240030620180108160804.0 aENG-122010 a9789383723140c395.00 aEN-105542 bDBAD/PUB a303.48254051 aPanikkar, K.M. aIndia and China :cby K.M. Panikkarba study of cultural relations / aDelhibLG Publishers Distributorsc2016 a49, Gali No. 14 Pratap Nagar, Mayur Vihar Phase i, Delhi 110091 a87p.c23cm(Hb)bmap